| 000 | 00638nam a2200229Ia 4500 | ||
|---|---|---|---|
| 001 | 291 | ||
| 005 | 20251205090628.0 | ||
| 008 | 251203t2014||||xx |||||||||||||| ||spa|| | ||
| 020 | _a9788416127139 | ||
| 041 | _aESP | ||
| 082 |
_a796.51 _bG83 |
||
| 100 |
_aGrundsten, Claes, _cAUT |
||
| 245 | 0 |
_a¡Caminar! : _blas mejores rutas del mundo |
|
| 246 | _aTrek!5 | ||
| 260 |
_a[Barcelona] : _bLuppa Solutions, _c2014 |
||
| 300 |
_a190 páginas : _b fotografías ; _c 28 cm. |
||
| 650 | _aABD | ||
| 653 | _aCaminatas; Excursionismo; Montañismo | ||
| 654 | _aCTP | ||
| 700 |
_aRodríguez Fischer, Cristina, _cCOR |
||
| 942 |
_cLIB _dJUS _fMAT _2ddc |
||
| 999 |
_c291 _d291 |
||